000
00320nam a2200121Ia 4500
008
190723s9999 xx 000 0 und d
020
_a
978-0-07-160121-4
100
_a
Melody Templeton
245
0
_a
Public Speaking and Presentation Demystified
260
_a
New york
_b
McGraw Hill
_c
2010
300
_a
259.:p
942
_c
BK
999
_c
1694
_d
1694